Statistiques concernant Meilleurs pointeurs de l'histoire de l'Avalanche du Colorado

Cliquez ici pour prendre le quiz!

Statistiques générales

  • Ce quiz a été pris 14 fois
  • Le résultat moyen est 12 sur 50

Statistiques - réponses

RangJoueurPTS% Correct
7Gabriel Landeskog416
91%
18Mikko Rantanen209
82%
8Nathan MacKinnon402
82%
1Joe Sakic1015
64%
3Peter Forsberg705
64%
16Adam Foote221
45%
5Paul Stastny458
45%
47Ray Bourque73
45%
4Alex Tanguay488
36%
21Erik Johnson196
36%
6Matt Duchene428
36%
2Milan Hejduk805
36%
19Rob Blake208
36%
9Tyson Barrie307
36%
24Carl Soderberg151
27%
15Chris Drury222
27%
25Stephane Yelle144
27%
11Adam Deadmarsh271
18%
38Blake Comeau90
18%
17Claude Lemieux212
18%
29Cody McLeod117
18%
27David Jones126
18%
28Jarome Iginla124
18%
10John-Michael Liles275
18%
23Marek Svatos164
18%
31Martin Skoula113
18%
13Sandis Ozolinsh253
18%
50Shjon Podein71
18%
34Steve Reinprecht104
18%
12Valeri Kamensky261
18%
22Wojtek Wolski193
18%
40Alexander Kerfoot85
9%
20Andrew Brunette205
9%
26Brett Clark130
9%
30Chris Stewart113
9%
49Eric Messier72
9%
42Greg De Vries82
9%
32Ian Laperriere112
9%
33John Mitchell106
9%
14Ryan O'Reilly246
9%
36Scott Young97
9%
35Tyler Arnason102
9%
46Brett McLean75
0%
45Derek Morris76
0%
43Jamie McGinn79
0%
41Jon Klemm83
0%
44Pierre-Alexandre Parenteau76
0%
39Rene Corbet86
0%
37Ryan Smyth96
0%
48T.J. Galiardi72
0%

Distribution des résultats

Percentile par nombre de réponses

% des personnes avec chaque résultat

Votre développement - résultats

Vous n’avez pas pris ce quiz